000 00621nam a2200241Ia 4500
003 OSt
005 20221005040112.0
006 a|||||r|||| 00| 0
007 ta
008 221004b |||||||| |||| 00| 0 eng d
024 _a49380
037 _cTextual
040 _aCRL
_cCRL
_beng
041 _2eng
_aeng
082 _aY152.2, M7;1
100 _aMann K.
_9262344
245 0 _aTribal women in a changing society
260 _aDelhi
_bMittal Publication India
_c1987
300 _a172p.
_ccm.
650 _aSOCIOLOGY
942 _hY152.2, M7;1
_cTEXL
_2cc
999 _c946380
_d946380